书目信息 |
| 题名: |
有机化学
|
|
| 作者: | ;浙江农业大学 主编 | |
| 分册: | ||
| 出版信息: | 北京 农业出版社 1979 |
|
| 页数: | 269页 | |
| 开本: | 26cm | |
| 丛书名: | ||
| 单 册: | ||
| 中图分类: | O62-43 | |
| 科图分类: | ||
| 主题词: | 有机化学 | |
| 电子资源: | ||
| ISBN: | ||
| 000 | 00682nam0 2200241 45 | |
| 001 | 0188001706 | |
| 005 | 20060801151214.10 | |
| 010 | @dCNY1.85 | |
| 020 | @aCN@b88001706 | |
| 100 | @a19910410d1979 ekmy0chiy0120 ea | |
| 101 | 0 | @achi |
| 105 | @ay z 000yy | |
| 200 | 10 | @a有机化学@Ayou ji hua xue@f浙江农业大学主编@Fzhe jiang nong ye da xue zhu bian |
| 210 | @a北京@c农业出版社@d1979 | |
| 215 | @a269页@d26cm | |
| 300 | @a全国高等农业院校试用教材 | |
| 300 | @a农学类各专业用 | |
| 540 | 1 | @a有机化学@Ayou ji hua xue |
| 606 | @a有机化学 | |
| 690 | @aO62-43@v3 | |
| 711 | 0 | @a浙江农业大学@Azhe jiang nong ye da xue@4主编 |
| 801 | 0 | @aCN@bNLC@c20060801 |
| 905 | @dO62-43@e25 | |
| 有机化学/浙江农业大学主编.-北京:农业出版社,1979 |
| 269页;26cm |
| 全国高等农业院校试用教材.-农学类各专业用 |
| ISBN :CNY1.85 |
| ● |
| 相关链接 |
|
|
|
|
正题名:有机化学
索取号:O62-43/25
 
预约/预借
| 序号 | 登录号 | 条形码 | 馆藏地/架位号 | 状态 | 备注 |
| 1 | 0025147 | 202319650 | 密集书库/ [索取号:O62-43/25] | 在馆 | |
| 2 | 0025148 | 001050267 | 密集书库/ [索取号:O62-43/25] | 在馆 | |
| 3 | 0025151 | 001050258 | 密集书库/ [索取号:O62-43/25] | 在馆 | |
| 4 | 0025153 | 202319696 | 密集书库/ [索取号:O62-43/25] | 在馆 | |
| 5 | 0025154 | 202319222 | 密集书库/ [索取号:O62-43/25] | 在馆 | |
| 6 | 0025155 | 202319231 | 密集书库/ [索取号:O62-43/25] | 在馆 | |
| 7 | 0434419 | 204344192 | 密集书库/ [索取号:O62-43/25] | 在馆 |